000 01090nam a2200229Ia 4500
001 L235-9399
003 IT-CnALBA
008 170116s9999||||xx |||||||||||||| ||und||
040 _aIT-CnALBA
_cIT-CnALBA
041 _aLATINO - MULTILINGUE
100 _aVIVARIEN.
245 0 _aBEATIFICATIONIS ET DECLARATIONIS MARTYRII VENERABILIUM SERVORUM DEI SAC. JACOBI SALESII E SJ. ET GUILELMI SALTAMOCHII.
250 _a1a ed.
260 _a ROMA
_bMIRRI E GUERRA
_c1926 [1° Ed.:1926 - Ed.Ling.Originale: 1926]
300 _a220 p.
500 _aCONGREGAZIONE DEI RITI. RELATORE CARDINALE VINCENZO VANNUTELLI. ESAME SUL MARTIRIO E CAUSA DEL MARTIRIO DI GIACOMO DI SALES E GUGLIELMO SALTAMOCHIO, GESUITI.
501 _aSocietà San Paolo EM - Piazza San Paolo, 14 - 12051 ALBA (CN) (non commercial uses only) ® Copyright 2017
520 _aCONGREGAZIONE DEI RITI. RELATORE CARDINALE VINCENZO VANNUTELLI. ESAME SUL MARTIRIO E CAUSA DEL MARTIRIO DI GIACOMO DI SALES E GUGLIELMO SALTAMOCHIO, GESUITI.
650 _aMARIA SS. ANGELI SANTI DEMONI
942 _cBK
957 _71
999 _a10375
_bSI
_g Copie: 1
_c268575
_d268575